Az emberi erőforrással való gazdálkodás kialakulása, alkalmazása Figyelmet fordítva a magyar egészségügy helyzetére

Bibliográfiai részletek
Szerző: Kurdi Kata
További közreműködők: Krajcsák Dr. Zoltán
Dokumentumtípus: Projektmunka
Kulcsszavak:emberi erőforrás
egészségügy
létszámgazdálkodás
Online Access:http://dolgozattar.uni-bge.hu/11569

MARC

LEADER 00000nnm a2200000 i 4500
001 dolg11569
005 20170516121816.0
008 170516suuuu hu o 000 hun d
040 |a BGE Dolgozattár Repozitórium  |b hun 
041 |a hu 
100 1 |a Kurdi Kata 
245 1 3 |a Az emberi erőforrással való gazdálkodás kialakulása, alkalmazása  |b Figyelmet fordítva a magyar egészségügy helyzetére   |c Kurdi Kata  |h [elektronikus dokumentum] 
516 |a Project_work 
695 |a emberi erőforrás 
695 |a egészségügy 
695 |a létszámgazdálkodás 
700 1 |a Krajcsák Dr. Zoltán  |e ths 
856 4 0 |u http://dolgozattar.uni-bge.hu/11569/1/KURDI%20KATA.pdf  |z Dokumentum-elérés 
856 4 0 |u http://dolgozattar.uni-bge.hu/11569/7/NYILATKOZAT%20KURDI%20KATA.pdf  |z Dokumentum-elérés